Normal view MARC view
  • Huerta, Antonio,

Entry Personal Name

Number of records used in: 5

001 - CONTROL NUMBER

  • control field: 1941

003 - CONTROL NUMBER IDENTIFIER

  • control field: NUST

005 - DATE AND TIME OF LATEST TRANSACTION

  • control field: 20170602122541.0

008 - FIXED-LENGTH DATA ELEMENTS

  • fixed length control field: 170602|| aca||aabn | a|a d

040 ## - CATALOGING SOURCE

  • Original cataloging agency: NUST
  • Transcribing agency: NUST

100 ## - HEADING--PERSONAL NAME

  • Personal name: Huerta, Antonio,
  • Dates associated with a name: 1959-

670 ## - SOURCE DATA FOUND

  • Source citation: Work cat.: (NUST)23703: Donéa, J. (Jean) 1937, Finite element methods for flow problems /, c2003.
© 2023 Central Library, National University of Sciences and Technology. All Rights Reserved.